What big teeth you have! / (Record no. 7579)

MARC details
000 -LEADER
fixed length control field 00903nam a22002777a 4500
001 - CONTROL NUMBER
control field 7579
003 - CONTROL NUMBER IDENTIFIER
control field FISKH
005 - DATE AND TIME OF LATEST TRANSACTION
control field 20250724142023.0
008 - FIXED-LENGTH DATA ELEMENTS--GENERAL INFORMATION
fixed length control field 250724b cb ||||| |||| 00| 0 eng d
020 ## - INTERNATIONAL STANDARD BOOK NUMBER
International Standard Book Number 0590475320
040 ## - CATALOGING SOURCE
Original cataloging agency FISKH
Language of cataloging eng
Transcribing agency FISKH
Modifying agency FISKH
050 ## - LIBRARY OF CONGRESS CALL NUMBER
Classification number QL858
082 ## - DEWEY DECIMAL CLASSIFICATION NUMBER
Classification number 596.0132
100 ## - MAIN ENTRY--PERSONAL NAME
Personal name Lauber, Patricia
Dates associated with a name (1924–2010)
245 ## - TITLE STATEMENT
Title What big teeth you have! /
Statement of responsibility, etc. By Patricia Lauber ; Illustrated by Martha Weston ; Cover illustration by Andrea Z.Tachiera
250 ## - EDITION STATEMENT
Edition statement This edition first published in 1993
260 ## - PUBLICATION, DISTRIBUTION, ETC.
Place of publication, distribution, etc. New York :
Name of publisher, distributor, etc. Scholastic,
Date of publication, distribution, etc. 1986
300 ## - PHYSICAL DESCRIPTION
Extent 60 pages :
Other physical details illustrations ;
Dimensions 23 cm
505 ## - FORMATTED CONTENTS NOTE
Formatted contents note N<br/>
520 ## - SUMMARY, ETC.
Summary, etc. Explains how teeth are clues to what animals eat and how they get their food.<br/>
521 8# - TARGET AUDIENCE NOTE
Target audience note 590<br/>
Source Lexile<br/>
650 ## - SUBJECT ADDED ENTRY--TOPICAL TERM
Source of heading or term Animals - General
Topical term or geographic name entry element Teeth
700 ## - ADDED ENTRY--PERSONAL NAME
Personal name Weston, Martha
Dates associated with a name illustrator
942 ## - ADDED ENTRY ELEMENTS (KOHA)
Source of classification or shelving scheme Dewey Decimal Classification
Koha item type Books
Suppress in OPAC No
Holdings
Withdrawn status Lost status Source of classification or shelving scheme Damaged status Not for loan Collection Home library Current library Shelving location Date acquired Total Checkouts Full call number Barcode Date last seen Copy number Price effective from Koha item type
    Dewey Decimal Classification     Juvenile Fiction Footprints International School Library Network Toul Tom Poung Campus Footprints International School Library Network Toul Tom Poung Campus TTP Primary Yellow Bookshelves 07/24/2025   LAU 596.0132 QL858 2025-2814 07/24/2025 1 07/24/2025 Books